LIBRARY & INFORMATION CENTRE, KCAET, TAVANUR

ONLINE PUBLIC ACCESS CATALOGUE (OPAC)

Normal view MARC view
  • ABDUL HAKKIM V.M

Entry Personal Name

Number of records used in: 3

001 - CONTROL NUMBER

  • control field: 2907

003 - CONTROL NUMBER IDENTIFIER

  • control field: OSt

005 - DATE AND TIME OF LATEST TRANSACTION

  • control field: 20180223122750.0

008 - FIXED-LENGTH DATA ELEMENTS

  • fixed length control field: 180223|| aca||aabn | a|a d

040 ## - CATALOGING SOURCE

  • Original cataloging agency: OSt
  • Transcribing agency: OSt

100 ## - HEADING--PERSONAL NAME

  • Personal name: ABDUL HAKKIM V.M

670 ## - SOURCE DATA FOUND

  • Source citation: Work cat.: (OSt): ABDUL HAKKIM V.M, Effect of land use on water yield from small agricultural watersheds of western ghats
free website counter